Tài liệu huấn luyện hộ sinh xã Bổ túc đợt 2

Na minha lista:
Detalhes bibliográficos
Formato: Livro
Idioma:Undetermined
Publicado em: Hà Nội Y học 1978
Assuntos:
Tags: Adicionar Tag
Sem tags, seja o primeiro a adicionar uma tag!
Thư viện lưu trữ: Trung tâm Học liệu Trường Đại học Cần Thơ
LEADER 00494nam a2200169Ia 4500
001 CTU_7656
008 210402s9999 xx 000 0 und d
082 |a 610 
082 |b T103 
245 0 |a Tài liệu huấn luyện hộ sinh xã 
245 0 |b Bổ túc đợt 2 
260 |a Hà Nội 
260 |b Y học 
260 |c 1978 
650 |a medicine,rural health 
904 |i Nguyễn Quang Điền, 960826 
980 |a Trung tâm Học liệu Trường Đại học Cần Thơ